00574nam a22002297a 4500003000500000005001700005008004100022010001000063011001000073035001000083040000900093082001500102100002200117245002200139260003800161300000900199490001400208500006800222650002200290700001800312830001400330CHAP20220329134951.0971013c19851978 r 00010 d a28816 a29788 a33899 cCHAP a907.2bL4Y00aLe Goff, Jacques. aHacer la historia aBarcelona :bLaia,c1985 (c.1978) a3 v. aPapel 451 aLa biblioteca tiene: v.1 Nuevos problemas.- v.2 Nuevos enfoques14aHistoriografía.0 aNora, Pierre.0 aPapel 451